[Event "World ol U16 12th"]
[Site "Chongqing"]
[Date "2013.07.25"]
[Round "5"]
[White "Liou, Yian"]
[Black "Oparin, Grigoriy"]
[Result "1/2-1/2"]
[WhiteElo "2381"]
[BlackElo "2497"]
[PlyCount "171"]
[EventDate "2013.07.22"]
[EventType "team-swiss"]
[EventRounds "10"]
[EventCountry "CHN"]
[SourceTitle "CBM 155 Extra"]
[Source "ChessBase"]
[SourceDate "2013.08.26"]
[SourceVersion "1"]
[SourceVersionDate "2013.08.26"]
[SourceQuality "1"]
[WhiteTeam "United States U16 II"]
[BlackTeam "Russia (U16)"]
[WhiteTeamCountry "USA"]
[BlackTeamCountry "RUS"]

1. e4 c5 2. Nf3 d6 3. c3 Nf6 4. Bd3 Nc6 5. Bc2 Bg4 6. d3 e6 7. Nbd2 Be7 8. h3 Bh5 9. Nf1 Nd7 10. Ng3 Bg6 11. a3 0-0 12. 0-0 d5 13. Re1 Bd6 14. Nf1 dxe4 15. dxe4 Qc7 16. Ne3 b5 17. a4 a6 18. b3 Rfd8 19. Qe2 b4 20. Bb2 Nde5 21. Nc4 bxc3 22. Bxc3 Nxf3+ 23. Qxf3 Nd4 24. Bxd4 cxd4 25. a5 Bb4 26. Red1 Rab8 27. Ra4 Bc3 28. Rb1 Rb5 29. Bd3 Rdb8 30. Qd1 h5 31. Ra3 Bb4 32. Ra4 Bc3 33. Ra3 Qc5 34. Ra4 Qc6 35. Qc2 h4 36. Nd2 Rc5 37. Rc4 Rxc4 38. Nxc4 Rb5 39. f4 f6 40. Rf1 Bxa5 41. f5 exf5 42. exf5 Bf7 43. Qf2 Bc7 44. Rb1 Bg3 45. Qxd4 Rd5 46. Qe3 Qd7 47. Bc2 Rd4 48. Rf1 Qd5 49. Qe2 Qc5 50. Kh1 Rf4 51. Rxf4 Bxf4 52. Be4 Qd4 53. Bf3 Qa1+ 54. Qd1 Qxd1+ 55. Bxd1 Bxc4 56. bxc4 Be3 57. Kh2 Bf2 58. c5 Kf7 59. Ba4 Bxc5 60. g4 Ke7 61. Kg2 Kd6 62. Kf3 Ke5 63. Be8 a5 64. Bc6 Bg1 65. Kg2 Be3 66. Kf3 Kd4 67. Ke2 Bg5 68. Kf3 Kc5 69. Be8 Kb4 70. Ke4 Kb3 71. Bf7+ Kc3 72. Be8 Kd2 73. Kf3 Kd3 74. Bd7 Kd4 75. Be8 Bd2 76. Bd7 Bb4 77. Be8 Bd6 78. Bd7 Be5 79. Be8 Kc3 80. Ke4 Kb3 81. Bf7+ Kc2 82. Be8 Kc3 83. Bd7 Kb4 84. Kd3 a4 85. Be6 Bf4 86. Bg8 1/2-1/2

[Event "Arlington DC op 1st"]
[Site "Arlington"]
[Date "2013.06.28"]
[Round "4"]
[White "Liou, Yian"]
[Black "Gerzhoy, Leonid"]
[Result "1/2-1/2"]
[WhiteElo "2381"]
[BlackElo "2462"]
[PlyCount "71"]
[EventDate "2013.06.27"]
[EventType "swiss"]
[EventRounds "9"]
[EventCountry "USA"]
[SourceTitle "CBM 155 Extra"]
[Source "ChessBase"]
[SourceDate "2013.08.26"]
[SourceVersion "1"]
[SourceVersionDate "2013.08.26"]
[SourceQuality "1"]

1. e4 c6 2. d4 d5 3. Nd2 dxe4 4. Nxe4 Bf5 5. Ng3 Bg6 6. Nh3 Nf6 7. c3 Nbd7 8. Nf4 e5 9. Nxg6 hxg6 10. Be3 Nd5 11. Bc4 Nxe3 12. fxe3 Qg5 13. Qf3 f5 14. 0-0-0 0-0-0 15. Kb1 exd4 16. exd4 Bd6 17. Nf1 Nf6 18. h3 Ne4 19. Bd3 Rde8 20. Bxe4 Rxe4 21. Nd2 Re3 22. Qf1 Bc7 23. Nf3 Qe7 24. Qc4 Re8 25. d5 cxd5 26. Qxd5 Qe4+ 27. Qxe4 R3xe4 28. Rd2 Re2 29. Rhd1 Bf4 30. Rd4 Be3 31. Rc4+ Kb8 32. Nh4 Bg5 33. Nf3 Rxg2 34. Nxg5 Rxg5 35. Rd7 Rc8 36. Rb4 1/2-1/2

[Event "Arlington DC op 1st"]
[Site "Arlington"]
[Date "2013.06.28"]
[Round "3"]
[White "Panchanathan, Magesh Chandran"]
[Black "Liou, Yian"]
[Result "1/2-1/2"]
[WhiteElo "2570"]
[BlackElo "2381"]
[PlyCount "107"]
[EventDate "2013.06.27"]
[EventType "swiss"]
[EventRounds "9"]
[EventCountry "USA"]
[SourceTitle "CBM 155 Extra"]
[Source "ChessBase"]
[SourceDate "2013.08.26"]
[SourceVersion "1"]
[SourceVersionDate "2013.08.26"]
[SourceQuality "1"]

1. e4 c5 2. Nf3 e6 3. d4 cxd4 4. Nxd4 a6 5. Bd3 Nf6 6. 0-0 Qc7 7. a4 Nc6 8. Nxc6 dxc6 9. Be3 e5 10. h3 Be6 11. Nd2 Nd7 12. Bc4 Bxc4 13. Nxc4 Rd8 14. a5 Bc5 15. Qg4 g6 16. Bg5 f6 17. Bh6 Nf8 18. Rad1 Qf7 19. Rxd8+ Kxd8 20. Qf3 Nd7 21. Qd3 Kc7 22. b4 Bxb4 23. Rb1 Bc5 24. Be3 Qe7 25. Qb3 Rb8 26. Nb6 Bxe3 27. fxe3 Nc5 28. Qb4 Qf8 29. Rd1 Rd8 30. Rxd8 Kxd8 31. Na4 Nd7 32. Qxb7 Qa3 33. Qxc6 Qxe3+ 34. Kf1 f5 35. exf5 gxf5 36. Qc4 e4 37. Qg8+ Kc7 38. Qc4+ Kd8 39. Qc3 Qc1+ 40. Ke2 Qg1 41. Qg3 Qd4 42. Qg8+ Kc7 43. Qb3 Qg1 44. Qg3+ Kc6 45. Qg8 Kd6 46. Nb2 f4 47. Nc4+ Kc7 48. Qg4 Qc1 49. c3 Qc2+ 50. Nd2 Qd3+ 51. Ke1 Qe3+ 52. Kd1 Qg1+ 53. Ke2 Qe3+ 54. Kd1 1/2-1/2